ბათუმის შოთა რუსთაველის სახელმწიფო უნივერსიტეტის ბიბლიოთეკა

ლირიკა, ეპოსი , დრამა / (ბიბ.ჩანაწერი № 50940)

000 -ლიდერი
ფიქსირებული სიგრძის საკონტროლო ველი 01270nam a2200241Ia 4500
001 - საკონტროლო ნომერი
საკონტროლო ველი 17897
003 - საკონტროლო ნომრის იდენტიფიკატორი
საკონტროლო ველი GE_BSU
005 - ბოლო ოპერაციის თარიღი და დრო
საკონტროლო ველი 20200227163209.0
008 - ფიქსირებული სიგრძის მონაცემთა ელემენტები - ზოგადი ინფორმაცია
ფიქსირებული სიგრძის საკონტროლო ველი 181216s1946ge xx |||||||||||||| ||geo||
040 ## - კატალოგიზაციის წყარო
Transcribing agency GE_BSU
041 ## - ენის კოდი
Language code of text/sound track or separate title geo
080 ## - უნივერსალური ათობითი კლასიფიკაციის ინდექსი
Universal Decimal Classification number 821.353.1-1+ 821.353.1-2 შ-25
100 ## - მთავარი ჩანაწერი - პიროვნების სახელი
Personal name შარვაშიძე, გიორგი.
9 (RLIN) 7585
245 ## - ცნობა სათაურის შესახებ
Title ლირიკა, ეპოსი , დრამა /
Statement of responsibility, etc გიორგი შარვაშიძე ; აკადემიკოს სიმონ ჯანაშიას რედაქციითა და ნარკვევით.
264 ## - წარმოების, გამოცემის, დისტრიბუციის და სხვა ცნობები
გამოცემის, წარმოების, დისტრიბუციის... ადგილი სოხუმი :
გამოცემის, წარმოების, დისტრიბუციის... სახელწოდება აფსახელგამი,
გამოცემის, წარმოების, დისტრიბუციის... თარიღი 1946.
300 ## - ფიზიკური აღწერა
Extent 232 გვ. :
Other physical details პორტრ. სურ.
Dimensions 22 სმ.
500 ## - ზოგადი შენიშვნა
General note შენიშვნები და დამატებანი, გვ. 217-232. ლიტ-რა წანართში
520 ## - SUMMARY, ETC.
Summary, etc დამატებითი თავფურცელი რუსულ ენაზე.
653 ## - INDEX TERM--UNCONTROLLED
Uncontrolled term ლირიკა, ეპოსი , დრამა
653 ## - INDEX TERM--UNCONTROLLED
Uncontrolled term ქართული ლიტერატურა
700 ## - ADDED ENTRY--PERSONAL NAME
Personal name ჯანაშია, სიმონ
Relator term რედაქტორი
9 (RLIN) 7586
942 ## - ADDED ENTRY ELEMENTS (KOHA)
Koha item type წიგნი
Source of classification or shelving scheme
ეგზემპლარები
ჩამოწერის სტატუსი დაკარგული ეგზემპლარის სტატუსი კლასიფიკაციის წყარო ან თაროზე გაწყობის სქემა დაზიანების სტატუსი არ გაიცემა მუდმივი მდებარეობა (დაცვის ადგილი) ამჟამინდელი ადგილსამყოფელი თაროზე განთავსების ადგილი შეძენის თარიღი ღირებულება, შესყიდვის ნორმალური ფასი სრული შენახვის შიფრი შტრიხკოდი ბოლო ოპერაციის თარიღი ეგზემპლარის მიმდევრობითი ნომერი (კეტერი?) ფასის ძალაში შესვლის თარიღი ეგზემპლარის სახეობა საჯარო შენიშვნა
          ბათუმის შოთა რუსთაველის სახელმწიფო უნივერსიტეტის მთავარი ბიბლიოთეკა ბათუმის შოთა რუსთაველის სახელმწიფო უნივერსიტეტის მთავარი ბიბლიოთეკა წიგნსაცავი 2018-12-17 2.00 821.353.1-1+ 821.353.1-2 შ-25 45834 2018-12-17 45834 2018-12-17 წიგნი 2ლ. 60თ.